000 00785nac a22002171u 4500
010 _a 97031932
020 _a026222058X (alk. paper)
020 _a8120324595
082 0 0 _a005.1
_bV961
090 _c454
_d454
100 _aVose, Michael D.
245 1 4 _aThe simple genetic algorithm :
_bfoundations and theory /
_cMichael D. Vose.
260 _aCambridge, Mass. :
_bMIT Press,
_cc1999.
300 _aix, 251 p. :
_bill. (some col.) ;
_c24 cm.
440 0 _aComplex adaptive systems
500 _a"A Bradford book."
500 _aIncludes indexes.
650 0 _aGenetic algorithms.
942 _cBB
_k005.1V961
999 _c454
_d454